Statistiques concernant Culture Générale - Série 1551

Cliquez ici pour prendre le quiz!

Statistiques générales

  • Ce quiz a été pris 80 fois
  • Le résultat moyen est 6 sur 10

Statistiques - réponses

QuestionRéponse% Correct
Comment s'appelle l'organe femelle des plantes à fleurs ?pistil
89%
Quelle jeune femme blonde, riche héritière et jet-setteuse américaine, a sorti un album intitulé "Paris" en 2006 ?Paris Hilton
77%
Selon l'expression, quel ustensile de cuisine traîne-t-on lorsque l'on est compromis ?casserole
73%
Quel archipel abrite la base aéronavale américaine de Pearl Harbor ?Hawaii
59%
Ce physicien et chimiste britannique,a donné son nom à une enceinte utilisée pour protéger des nuisances électriques et subsidiairement électromagnétiques extérieures ou inversement, appelée cage de ...Faraday
58%
De quel pays d'Afrique le Natal est-il une province ?Afrique du Sud
55%
Devant quelle ville le roi Saint Louis meurt-il de la peste, en 1270 ?Tunis
51%
En quelle année l'archipel de Hawaii est-il devenu le cinquantième État des États-Unis ?1959
38%
Quel personnage de Mark Twain est le compagnon de Tom Sawyer ?Huckleberry Finn
37%
Quel manteau ajusté à la taille tire son nom du "riding-coat", le vêtement anglais pour aller à cheval ?redingote
24%

Distribution des résultats

Percentile par nombre de réponses

% des personnes avec chaque résultat

Votre développement - résultats

Vous n’avez pas pris ce quiz